| 000 | 00817nam a22002057a 4500 | ||
|---|---|---|---|
| 999 |
_c19591 _d19591 |
||
| 003 | AR-CdUCM | ||
| 008 | 190518b ||||| |||| 00| 0 spa d | ||
| 040 |
_aMUNICIPALIDAD PROVINCIAL DEL CUSCO _cBIBLIOTECA MUNICIPAL DEL CUSCO |
||
| 082 |
_a345.72 / _bP46 |
||
| 100 |
_aPerla Velaochaga, Ernesto _941022 |
||
| 245 |
_aJuicio Ejecutivo : _bExposición sistematica del codigo de procedimientos civiles concordada con jurisprudencia y proyectos de reforma / |
||
| 260 |
_aLima : _bLumen, _c1973. |
||
| 300 |
_a205 paginas ; _c25 cm. |
||
| 505 | _aContenido: Generalidades -- Titulos ejecutivos -- Enumeración de los titulos ejecutivos -- Auto de pago o solvendo -- Embargo... | ||
| 650 |
_aJuicio _915781 |
||
| 650 |
_aEjecutivo _938805 |
||
| 650 |
_aLeyes _94808 |
||
| 942 |
_2ddc _cLIBROS |
||
| 945 |
_apjha _d2019-05-18 |
||